[Event "Hokkaido-ch"]
[Site "Sapporo"]
[Date "2020.03.22"]
[Round "5"]
[White "Sugimoto, Koichi"]
[Black "Yoshii, Yukihiko"]
[Result "0-1"]
[WhiteElo "2021"]
[BlackElo "1824"]
[PlyCount "104"]
[EventDate "2020.03.21"]
[EventType "swiss"]
[EventRounds "5"]
[EventCountry "JPN"]
[SourceTitle "CBM 195 Extra"]
[Source "ChessBase"]
[SourceDate "2020.05.31"]
[SourceVersion "1"]
[SourceVersionDate "2020.05.31"]
[SourceQuality "1"]

1. d4 Nf6 2. c4 g6 3. Nc3 Bg7 4. e4 d6 5. Nf3 Bg4 6. Be2 0-0 7. 0-0 Nc6 8. Be3 a6 9. d5 Bxf3 10. Bxf3 Ne5 11. Be2 e6 12. f3 Ned7 13. Qd2 Re8 14. Rac1 b6 15. Rfd1 e5 16. b4 Qe7 17. a3 Rec8 18. Bf1 Rf8 19. Bg5 Qe8 20. g3 h5 21. Bh3 Nh7 22. Bh6 Ndf6 23. Rf1 Qe7 24. Nd1 a5 25. Be3 axb4 26. axb4 Ra3 27. Nf2 Rfa8 28. Nd3 Qe8 29. c5 Qb5 30. Rfd1 Ra2 31. Rc2 Rxc2 32. Qxc2 Ra3 33. cxd6 cxd6 34. Qc6 Qa4 35. Qxa4 Rxa4 36. Bxb6 Ng5 37. Bg2 Nd7 38. Bd8 Nh7 39. Bh3 Nhf6 40. b5 Ra8 41. Bc7 Bh6 42. Bxd6 Be3+ 43. Kf1 Bd4 44. Ke2 Ne8 45. Bb4 Nb6 46. Bc5 Nc4 47. Bxd4 exd4 48. Bd7 Ra2+ 49. Ke1 Ned6 50. Nf2 Ne3 51. Rb1 Ndc4 52. Bh3 Ne5 0-1

[Event "Hokkaido-ch"]
[Site "Sapporo"]
[Date "2020.03.21"]
[Round "2"]
[White "Yoshii, Yukihiko"]
[Black "Kikuchi, Daijiro"]
[Result "0-1"]
[WhiteElo "1824"]
[BlackElo "1198"]
[PlyCount "78"]
[EventDate "2020.03.21"]
[EventType "swiss"]
[EventRounds "5"]
[EventCountry "JPN"]
[SourceTitle "CBM 195 Extra"]
[Source "ChessBase"]
[SourceDate "2020.05.31"]
[SourceVersion "1"]
[SourceVersionDate "2020.05.31"]
[SourceQuality "1"]

1. c4 e6 2. d4 d5 3. Nc3 Bb4 4. cxd5 Bxc3+ 5. bxc3 exd5 6. Nf3 Bg4 7. h3 Bxf3 8. exf3 Nf6 9. Bg5 0-0 10. Be2 Nbd7 11. 0-0 c6 12. c4 dxc4 13. Bxc4 b5 14. Bb3 Qb6 15. Be3 Nd5 16. Qd2 a5 17. Bxd5 cxd5 18. Rac1 Rac8 19. Rc2 Rc4 20. Rfc1 Rfc8 21. Qd3 Qg6 22. Qxg6 hxg6 23. Rxc4 Rxc4 24. Kf1 Nb6 25. Ke2 Kf8 26. g4 Ke7 27. h4 Na4 28. Kd2 b4 29. Rxc4 dxc4 30. Kc2 Kd6 31. f4 Nc3 32. a3 Kd5 33. axb4 axb4 34. g5 Ne2 35. f5 Nxd4+ 36. Bxd4 Kxd4 37. f4 Ke4 38. h5 gxh5 39. f6 g6 0-1